Capital Cities of Countries - Sudden Death - Statistics

General Stats
  • This quiz has been taken 107 times
  • The average score is 11 of 15
Answers on the Grid
Answers color-coded by a green-red scale on the quiz's grid according to % correct below.
Lagos
Ho Chi Min City
Auckland
Bujumbura
Canberra
Jakarta
Brussels
Antananarivo
Casablanca
New York
Havana
Istanbul
Abu Dhabi
Alexandria
Bern
Karachi
Yangon
Beijing
Kingston
Saint Johns
Reykjavik
Leichtenstein
Managua
Barcelona
Monaco
Mumbai
Abidjan
Munich
Prague
Rio de Janeiro
Saravejo
Toronto
 
Answer Stats
Answer % Correct
Canberra
88%
Beijing
85%
Jakarta
85%
Brussels
84%
Havana
82%
Bern
81%
Reykjavik
81%
Prague
79%
Kingston
73%
Abu Dhabi
72%
Monaco
72%
Saravejo
72%
Antananarivo
66%
Managua
61%
Saint Johns
54%
No matching quizzes found
Score Distribution
Percent of People with Each Score
Percentile by Number Answered
Your Score History
You have not taken this quiz